| 000 | 00717nam a22002297a 4500 | ||
|---|---|---|---|
| 003 | UA-OsUOA | ||
| 001 | 31467 | ||
| 007 | ta | ||
| 008 | 20041222b un ||||| |||| 00| 0 ukr d | ||
| 090 |
_a94(3) _bК85 |
||
| 942 | _cBK | ||
| 040 |
_aUA-OsUOA _bukr _cUA-OsUOA _dUA-OsUOA |
||
| 245 |
_aХрестоматія з історії стародавнього світу _cупоряд. О. П. Крижанівський, З. І. Мухіна, М. Д. Мелащенко |
||
| 300 | _a160 с. | ||
| 955 | _a2 | ||
| 041 | _aukr | ||
| 080 | _a94(3) | ||
| 260 |
_aК. _bРадянська школа _c1974 |
||
| 044 | _aUA | ||
| 650 | 7 |
_a9 Географія. Біографії. Історія _2UDC |
|
| 999 |
_c317892 _d317892 |
||